000 00475nam a22001457a 4500
003 OSt
005 20240415095001.0
008 240415b |||||||| |||| 00| 0 eng d
040 _cMRSPTU
100 _aOu Yakut (ਓ ਯਾਕੂਤ)
245 _aAflatun To Lalin Tak Falsafe Da Ityas (ਅਫ਼ਲਾਤੂਨ ਤੋਂ ਲੈਲਿਨ ਤਕ ਫ਼ਲਸਫ਼ੇ ਦਾ ਇਤਿਹਾਸ)
260 _aPunjab
_bPunjab Book Center
300 _a351
942 _2ddc
_cBK
_n0
999 _c10023
_d10023